Where Did All the 'A's Go? Quiz Stats

 Plays Quiz Updated Sep 4, 2014

Support Sporcle.
Go Orange.
Score 0/25 Timer 03:00
1 Play Today
% Correct
b _ n _ n _
90%
p _ p _ y _
89.5%
b _ z _ _ r
88.6%
b _ nd _ n _
88%
_ _ rdv _ rk
87.3%
_ v _ t _ r
87.3%
p _ j _ m _ s
87.1%
c _ b _ n _
86%
_ lp _ c _
84.8%
_ rm _ d _
84.7%
m _ sc _ r _
84.5%
f _ r _ w _ y
84.2%
l _ s _ gn _
82.8%
% Correct
b _ kl _ v _
81.8%
_ lf _ lf _
81.7%
c _ t _ m _ r _ n
81.2%
j _ mb _ l _ y _
80.7%
s _ ss _ fr _ s
76.7%
c _ n _ st _
73.7%
m _ h _ r _ j _
70.7%
m _ r _ c _
70.3%
c _ r _ mb _
69.3%
b _ l _ cl _ v _
69%
c _ nt _ t _
62.4%
_ s _ n _
20.3%

You're not logged in!

Compare scores with friends on all Sporcle quizzes.
OR
Log In

From the Vault

50 Years of Headlines

by Norwegian_dude

We had to sort through a lot of newspapers to bring you this quiz. Whatever those are.
Remove Ads.
Support Sporcle.
Get the best of Sporcle when you Go Orange. This ad-free experience offers more features, more stats, and more fun while also helping to support Sporcle. Thank you for becoming a member.

Show Comments

Extras

Top Quizzes Today


Score Distribution

Your Account Isn't Verified!

In order to create a playlist on Sporcle, you need to verify the email address you used during registration. Go to your Sporcle Settings to finish the process.

Report this User

Report this user for behavior that violates our Community Guidelines.

Details: